00431cam a22001452 4500001001100000005001700011008004100028020000800069040001500077100002900092245007200121260004500193300001500238650003200253000000736920151217152030.0080117s xx 000 0 eng d cKES aKABUcKABU1 aBattelli, G.@000015859710aReligious life :bin the light of the new Canon law /cG. Battelli. aNairobi :bSt. Paul Publications,c1990. ax, 110 p. 0aChristian life.@0000149167